[Event "Lake Sevan"]
[Site "?"]
[Date "2011.??.??"]
[Round "4.5"]
[White "Melkumyan, Hrant"]
[Black "Ter-Sahakyan, Samvel"]
[Result "1-0"]
[WhiteElo "2600"]
[BlackElo "2558"]
[Annotator "Ashot Nadanian"]
[PlyCount "99"]
[EventDate "2011.??.??"]

1. d4 d5 2. c4 c6 3. Nc3 Nf6 4. e3 e6 5. Nf3 Nbd7 6. Qc2 Bd6 7. Bd3 O-O 8. O-O
dxc4 9. Bxc4 a6 10. Ng5 {A rare continuation of Russian GM Vadim Zvjaginsev.
10.Rd1 and 10.a4 are more usual moves.} h6 ({If Black accepts the sacrificed
pawn} 10... Bxh2+ 11. Kxh2 Ng4+ 12. Kg1 Qxg5 {then after} 13. f3 Ngf6 14. e4 {
White has more than enough compensation (strong pawn center, two bishops,
development advantage).}) 11. Nge4 Nxe4 $6 ({After the correct} 11... Be7 12.
Rd1 Nd5 {Black would stand more active than in the game.}) 12. Nxe4 Be7 13. Rd1
b5 $6 ({This standard Slav Defence move does not work here, because Black will
not be able to play c6-c5, which means that White will fix the c6 pawn and
Black's c8 bishop is going to be very passive. Black should have tried} 13...
b6 14. Bd2 a5) 14. Be2 Qb6 15. Bd2 f5 $2 ({This is tactical miscalculation and
probably decisive mistake. Correct was} 15... a5 16. a3 f5 17. Nc5 Nxc5 18.
dxc5 Qxc5 19. Qxc5 Bxc5 20. Rac1 Be7 21. Rxc6 b4 22. axb4 axb4 23. Be1 {where
White is slightly better.}) 16. Nc5 $1 Nxc5 17. Bb4 $3 {An excellent move,
which is possible due to Black's 15...f5? From now on White will have a huge
positional advantage.} Bd7 18. Bxc5 Qd8 19. Rac1 {Black has a strategically
lost position. There are holes on e5 and c5, the d7 Bishop is paralyzed
defending two backward pawns on e6 and c6. White has a clear plan to increase
his advantage: 1) exchange the dark-squared bishops 2) occupy or control the
central dark squares (c5, d6, e5); 3) pressure c6; 4) when all Black's pieces
are tied down to the defense of the c6 weakness, White should exchange the
queens, then open the kingside to create a second weakness and activate the
king.} a5 20. Bf3 Rc8 21. Qd2 a4 ({Or} 21... b4 22. a3 bxa3 23. bxa3) 22. g3 $1
Rf7 23. Qb4 Kh7 24. Bxe7 Rxe7 25. Qd6 Re8 26. Rc5 Qc7 27. Qxc7 Rxc7 28. Rdc1
Rec8 29. Kg2 Kg6 30. g4 $1 {Melkumyan shows great technique and young players
should pay close attention to all his moves in this game starting from 17.Bb4!!
} fxg4 31. Bxg4 Kf6 32. Be2 Rb7 33. f4 $1 Ke7 34. Bf3 Kd6 35. Kf2 Rbc7 36. h4
$1 Be8 37. e4 Ke7 38. Ke3 Bd7 39. R1c2 Be8 40. Be2 Kd8 41. Bg4 Re7 42. d5 $1
exd5 43. Rxd5+ (43. Bxc8 Rxe4+ 44. Kf3 Kxc8 45. Rxd5 {also wins, but I prefer
Hrant's more methodical way.}) 43... Bd7 44. Rxd7+ Rxd7 45. Bxd7 Kxd7 46. Rg2
g5 (46... Rg8 47. f5 Ke7 48. Rg6 {is also hopeless.}) 47. hxg5 hxg5 48. Rxg5
Rh8 49. e5 Rh2 50. f5 1-0